000 00322nam a2200121Ia 4500
008 150731s2012 xx 000 0 und d
082 _a612.015
_bR 12 S
100 _aSURESH PARIMI
245 _aRASENDRA SARA SANGRAH OF SRI GOPAL K. BHATT
260 _bCHAUKHAMBHA PUB. NEW DELHI
_c2012
300 _a1112
942 _2ddc
_cBK
999 _c7924
_d7924